[Event "Veneto-ch qf 80th"]
[Site "Sottomarina"]
[Date "2021.06.05"]
[Round "2.18"]
[White "Penrossa, Nicolas"]
[Black "Bonetti, Alberto"]
[Result "1-0"]
[WhiteElo "1698"]
[BlackElo "1386"]
[PlyCount "67"]
[EventDate "2021.06.04"]
[EventType "swiss"]
[EventRounds "5"]
[EventCountry "ITA"]
[SourceTitle "EXT 2024"]
[Source "ChessBase"]
[SourceDate "2023.10.10"]
[SourceVersion "1"]
[SourceVersionDate "2023.10.10"]
[SourceQuality "1"]

1. e4 g6 2. d4 Bg7 3. Nf3 d6 4. h3 Nf6 5. Nc3 0-0 6. Bc4 Nxe4 7. Nxe4 d5 8. Bd3 dxe4 9. Bxe4 f5 10. Bd3 Kh8 11. Qe2 Nc6 12. c3 a6 13. Bf4 b5 14. 0-0 e6 15. Rfe1 Re8 16. Ne5 Nxe5 17. Bxe5 Qd7 18. a4 c6 19. axb5 Qe7 20. Bxg7+ Kxg7 21. Qe5+ Kf7 22. bxc6 Ra7 23. Ra5 Rc7 24. Rc5 Ra7 25. Ra1 Ra8 26. g3 Qa7 27. b4 Rd8 28. Bc4 Re8 29. h4 Rd8 30. Kg2 Re8 31. Kf3 h5 32. Kf4 Rd8 33. c7 Re8 34. Kg5 1-0